T. N. I. membina revolusi (Record no. 65109)

MARC details
000 -LEADER
fixed length control field 00621cam a22002171 4500
001 - CONTROL NUMBER
control field sa 65007190
003 - CONTROL NUMBER IDENTIFIER
control field DLC
005 - DATE AND TIME OF LATEST TRANSACTION
control field 20260227112148.0
008 - FIXED-LENGTH DATA ELEMENTS--GENERAL INFORMATION
fixed length control field 890913s1964 io 000 0 ind
010 ## - LIBRARY OF CONGRESS CONTROL NUMBER
LC control number sa 65007190
035 ## - SYSTEM CONTROL NUMBER
System control number (OCoLC)23537015
040 ## - CATALOGING SOURCE
Original cataloging agency DLC
Transcribing agency MiU
Modifying agency DLC
042 ## - AUTHENTICATION CODE
Authentication code premarc
050 00 - LIBRARY OF CONGRESS CALL NUMBER
Classification number DS644
Item number .Y26
100 1# - MAIN ENTRY--PERSONAL NAME
Personal name Yani, Achmad,
Dates associated with a name 1922-1965.
245 10 - TITLE STATEMENT
Title T. N. I. membina revolusi
Statement of responsibility, etc. [oleh] A. Yani.
260 ## - PUBLICATION, DISTRIBUTION, ETC.
Place of publication, distribution, etc. Djakarta,
Name of publisher, distributor, etc. Delegasi
Date of publication, distribution, etc. [1964]
300 ## - PHYSICAL DESCRIPTION
Extent 123 p.
Other physical details illus., ports.
Dimensions 20 cm.
610 10 - SUBJECT ADDED ENTRY--CORPORATE NAME
Corporate name or jurisdiction name as entry element Indonesia.
Subordinate unit Angkatan Perang.
651 #0 - SUBJECT ADDED ENTRY--GEOGRAPHIC NAME
Geographic name Indonesia
General subdivision Politics and government
Chronological subdivision 1950-1966.

No items available.

Powered by Koha